<?xml version="1.0" encoding="UTF-8"?>
<record
    xmlns:xsi="http://www.w3.org/2001/XMLSchema-instance"
    xsi:schemaLocation="http://www.loc.gov/MARC21/slim http://www.loc.gov/standards/marcxml/schema/MARC21slim.xsd"
    xmlns="http://www.loc.gov/MARC21/slim">

  <leader>01433cam a2200361 a 4500</leader>
  <controlfield tag="001">0004933256</controlfield>
  <controlfield tag="003">OSt</controlfield>
  <controlfield tag="005">20260704105652.0</controlfield>
  <controlfield tag="007">ta</controlfield>
  <controlfield tag="008">150223s2015    onca   j 6    000 1 fre  </controlfield>
  <datafield tag="020" ind1=" " ind2=" ">
    <subfield code="a">9781443143479 :</subfield>
    <subfield code="c">12,99 $</subfield>
  </datafield>
  <datafield tag="024" ind1="3" ind2=" ">
    <subfield code="a">9781443143479</subfield>
  </datafield>
  <datafield tag="040" ind1=" " ind2=" ">
    <subfield code="a">SDM</subfield>
    <subfield code="b">fre</subfield>
    <subfield code="d">SQTD</subfield>
    <subfield code="d">QMBND</subfield>
  </datafield>
  <datafield tag="041" ind1="1" ind2=" ">
    <subfield code="a">fre</subfield>
    <subfield code="h">eng</subfield>
  </datafield>
  <datafield tag="082" ind1="0" ind2="5">
    <subfield code="a">BD1 PLU v. 1</subfield>
    <subfield code="b">B9599s</subfield>
    <subfield code="2">23</subfield>
  </datafield>
  <datafield tag="091" ind1="0" ind2=" ">
    <subfield code="a">PLU</subfield>
  </datafield>
  <datafield tag="100" ind1="1" ind2=" ">
    <subfield code="a">Burks, James</subfield>
    <subfield code="q">(James R.)</subfield>
  </datafield>
  <datafield tag="240" ind1="1" ind2="0">
    <subfield code="a">Bird &amp; Squirrel on the run!.</subfield>
    <subfield code="l">Fran&#xE7;ais</subfield>
  </datafield>
  <datafield tag="245" ind1="1" ind2="0">
    <subfield code="a">Plumo et Phobie #1 Sauve qui peut! </subfield>
    <subfield code="c">James Burks ; texte fran&#xE7;ais d'H&#xE9;l&#xE8;ne Pilotto.</subfield>
  </datafield>
  <datafield tag="260" ind1=" " ind2=" ">
    <subfield code="a">Toronto :</subfield>
    <subfield code="b">Scholastic,</subfield>
    <subfield code="c">&#xEF;&#xBF;&#xBD;2015.</subfield>
  </datafield>
  <datafield tag="300" ind1=" " ind2=" ">
    <subfield code="a">125 p. :</subfield>
    <subfield code="b">principalement des ill. en coul. ;</subfield>
    <subfield code="c">23 cm.</subfield>
  </datafield>
  <datafield tag="490" ind1="1" ind2=" ">
    <subfield code="a">Plumo et Phobie</subfield>
  </datafield>
  <datafield tag="500" ind1=" " ind2=" ">
    <subfield code="a">Traduction de: Bird &amp; Squirrel on the run!</subfield>
  </datafield>
  <datafield tag="650" ind1=" " ind2="7">
    <subfield code="a">Plumo (Personnage fictif : Burks)</subfield>
    <subfield code="v">Bandes dessin&#xEF;&#xBF;&#xBD;es</subfield>
    <subfield code="2">vmj</subfield>
  </datafield>
  <datafield tag="650" ind1=" " ind2="7">
    <subfield code="a">Phobie (Personnage fictif : Burks)</subfield>
    <subfield code="v">Bandes dessin&#xEF;&#xBF;&#xBD;es</subfield>
    <subfield code="2">vmj</subfield>
  </datafield>
  <datafield tag="650" ind1=" " ind2="7">
    <subfield code="a">&#xE9;cureuils</subfield>
    <subfield code="v">Bandes dessin&#xE9;es</subfield>
    <subfield code="2">vmj</subfield>
  </datafield>
  <datafield tag="650" ind1=" " ind2="7">
    <subfield code="a">Oiseaux</subfield>
    <subfield code="v">Bandes dessin&#xEF;&#xBF;&#xBD;es</subfield>
    <subfield code="2">vmj</subfield>
  </datafield>
  <datafield tag="655" ind1=" " ind2="7">
    <subfield code="a">Bandes dessin&#xEF;&#xBF;&#xBD;es d'aventures</subfield>
    <subfield code="2">rvmgf</subfield>
  </datafield>
  <datafield tag="800" ind1="1" ind2=" ">
    <subfield code="a">Burks, James</subfield>
    <subfield code="q">(James R.).</subfield>
    <subfield code="t">Plumo et Phobie</subfield>
  </datafield>
  <datafield tag="942" ind1=" " ind2=" ">
    <subfield code="2">ddc</subfield>
    <subfield code="c">BD</subfield>
  </datafield>
  <datafield tag="999" ind1=" " ind2=" ">
    <subfield code="c">18923</subfield>
    <subfield code="d">18923</subfield>
  </datafield>
  <datafield tag="952" ind1=" " ind2=" ">
    <subfield code="0">0</subfield>
    <subfield code="1">0</subfield>
    <subfield code="2">ddc</subfield>
    <subfield code="4">0</subfield>
    <subfield code="7">0</subfield>
    <subfield code="a">HENRYVILLE</subfield>
    <subfield code="b">HENRYVILLE</subfield>
    <subfield code="d">2026-06-30</subfield>
    <subfield code="l">0</subfield>
    <subfield code="o">BD1 PLU v. 1</subfield>
    <subfield code="p">30001030039475</subfield>
    <subfield code="r">2026-06-30 20:38:15</subfield>
    <subfield code="w">2026-06-30</subfield>
    <subfield code="y">BD</subfield>
  </datafield>
</record>
